|
|
|
|
| LEADER |
00000nab a2200000 a 4500 |
| 001 |
vtls008876377 |
| 003 |
SK-MaSNL |
| 005 |
20260304231623.0 |
| 008 |
250505c2006 xo 0 slo |
| 015 |
|
|
|a SNBCL2005/5
|
| 035 |
|
|
|a SLK037869
|
| 035 |
|
|
|a urn:nbn:sk:snk-ab2ksu
|
| 035 |
|
|
|a (urnnbn)urn:nbn:sk:snk:ar-a02kss
|
| 035 |
|
|
|a (uuid)f0629592-efcc-4ed7-8807-51eb3a9f36a0
|
| 040 |
|
|
|a SNKBUCL
|b slo
|c SNKBUCL
|e AACR2
|
| 041 |
0 |
|
|a slo
|
| 044 |
|
|
|a xo
|c SK
|
| 080 |
|
|
|a 615.03:577.18
|2 1981
|
| 100 |
1 |
|
|a Göböová, Mária
|4 aut
|9 166111
|
| 245 |
1 |
0 |
|a Klinickí farmaceuti a antibiotická terapia v nemocniciach
|c Mária Göböová
|
| 300 |
|
|
|b obr.
|
| 504 |
|
|
|a Bibliogr. odkazy
|
| 650 |
0 |
7 |
|a klinická farmakológia
|2 MESH
|9 50835
|
| 650 |
0 |
7 |
|a služby nemocničné lekárenské
|x využitie
|2 MESH
|9 1565448
|
| 650 |
0 |
7 |
|a antibiotiká
|2 MESH
|9 2424
|
| 650 |
0 |
7 |
|a farmakoterapia
|x metódy
|2 MESH
|9 1055568
|
| 650 |
0 |
7 |
|a poradcovia
|2 MESH
|9 132617
|
| 773 |
0 |
|
|t Lekárnik
|g Roč. 11, č. 3 (2006), s. 38-39
|x 1335-924X
|
| 850 |
|
|
|a Slovenská národná knižnica
|
| 852 |
|
|
|a Slovenská národná knižnica
|
| 954 |
|
|
|a odborná, vedecká literatúra pôvodná (slovenská)
|2 lita
|
| 958 |
|
|
|a article27
|
| 958 |
|
|
|a OND
|
| 958 |
|
|
|a EUIPO
|
| 999 |
|
|
|c 3189677
|d 3191607
|